000 00343nam a2200133Ia 4500
005 20260328101457.0
008 260328s9999||||xx |||||||||||||| ||und||
100 _aDíaz-Y. Recaséns, Gonzalo
245 0 _aPlazas de toros /
_cGonzalo Díaz-Y. Recaséns
260 _bJunta de Andalucía
300 _a363 p.
650 _aESPAÑA
942 _cBK
999 _c8866
_d8866